| 000 | 00646nam a2200205Ia 4500 | ||
|---|---|---|---|
| 999 |
_c44058 _d44058 |
||
| 003 | GCL | ||
| 005 | 20240530104014.0 | ||
| 008 | 140319s9999 xx 000 0 ara d | ||
| 040 |
_aGCL / _cGCL |
||
| 082 | 0 | 4 |
_a785.2 _bم ت |
| 110 | 0 | _aمحمد كمال اسماعيل | |
| 245 | 1 | 0 |
_aالتحليل والتوزيع الاوركسترالى / _cمحمد كمال اسماعيل |
| 490 |
_aالالف كتاب الثانى _v0 |
||
| 650 | 0 | 4 | _aتوزيع الكهرباء |
| 650 | 0 | 4 | _aتحليل |
| 650 | 0 | 4 | _aالتوزيع |
| 650 | 0 | 4 | _aالموسيقى الاوركسترالية |
| 700 | 1 | _aيوسف السيسى | |
| 942 |
_2ddc _cBK |
||